000 00779nam a22002057a 4500
008 160819b xxu||||| |||| 00| 0 eng d
020 _a9780073379944
082 _22009
_aDC 364.97089
_bM23m
100 _913199
_aMcNamara, Robert
245 _aMulticulturalism in the criminal justice system/
_cRobert McNamara and Ronald Burns.
260 _aBoston:
_bMcGraw-Hill,
_cc2009.
300 _ax, 350 pages:
_billustrations;
_c23 cm.
500 _aIncludes glossary and index.
650 0 _913200
_aCriminal justice, Administration of
_zUnited States
650 0 _913201
_aMulticulturism
_zUnited States
650 0 _913221
_aDiscrimination in criminal justice administration
_zUnited States
700 _913224
_aBurns, Ronald
_eAuthor
365 _aPhp
_b7440.45
942 _2ddc
_cDC
999 _c3952
_d3952